[Event "SLO-chT2 West"]
[Site "Komenda"]
[Date "2021.12.04"]
[Round "6.1"]
[White "Prestrl, Jozef"]
[Black "Lever, Erwan"]
[Result "1/2-1/2"]
[WhiteElo "1843"]
[BlackElo "2228"]
[PlyCount "99"]
[EventDate "2021.11.27"]
[EventType "team-tourn"]
[EventRounds "7"]
[EventCountry "SLO"]
[SourceTitle "EXT 2024"]
[Source "ChessBase"]
[SourceDate "2023.10.10"]
[SourceVersion "1"]
[SourceVersionDate "2023.10.10"]
[SourceQuality "1"]
[WhiteTeam "Radovljica"]
[BlackTeam "Ljubljana SK"]
[WhiteTeamCountry "SLO"]
[BlackTeamCountry "SLO"]

1. d4 Nf6 2. c4 e6 3. a3 d5 4. e3 a6 5. Nc3 Be7 6. Nf3 0-0 7. h3 Nbd7 8. cxd5 exd5 9. Bd3 Re8 10. 0-0 Bd6 11. Qc2 c5 12. dxc5 Nxc5 13. Bf5 Nce4 14. Bxc8 Rxc8 15. Qb3 Nxc3 16. bxc3 Re7 17. Bb2 Bb8 18. Rfd1 Qc7 19. Rac1 h6 20. Kf1 Re6 21. Rd4 Ba7 22. Rb4 b5 23. a4 Bc5 24. Rf4 Rb8 25. axb5 Rxb5 26. Qc2 Qb6 27. Ba1 Ba3 28. Rd1 Bd6 29. Ra4 Ra5 30. Rxa5 Qxa5 31. c4 dxc4 32. Qxc4 Bf8 33. Bc3 Qb6 34. Nd4 Re8 35. Ra1 Ra8 36. Qc6 Qb8 37. Nf3 Be7 38. Rxa6 Qb1+ 39. Ne1 Rd8 40. Ra8 Qf5 41. Rxd8+ Bxd8 42. Bxf6 Bxf6 43. Qe8+ Kh7 44. Qa4 g6 45. Qc4 Kg7 46. Qd3 Qa5 47. Nc2 Qa2 48. Ke2 Qb2 49. g3 Qc1 50. h4 1/2-1/2

[Event "SLO-chT2 West"]
[Site "Komenda"]
[Date "2018.11.24"]
[Round "5.3"]
[White "Krupenko, Peter"]
[Black "Prestrl, Jozef"]
[Result "1-0"]
[WhiteElo "1764"]
[BlackElo "1877"]
[PlyCount "75"]
[EventDate "2018.11.10"]
[EventType "team-tourn"]
[EventRounds "7"]
[EventCountry "SLO"]
[SourceTitle "EXT 2020"]
[Source "ChessBase"]
[SourceDate "2019.10.17"]
[SourceVersion "1"]
[SourceVersionDate "2019.10.17"]
[SourceQuality "1"]
[WhiteTeam "Trzin"]
[BlackTeam "Radovljica"]
[WhiteTeamCountry "SLO"]
[BlackTeamCountry "SLO"]

1. c4 Nf6 2. Nc3 e5 3. Nf3 Nc6 4. g3 d6 5. Bg2 g6 6. 0-0 Bg7 7. d4 exd4 8. Nxd4 Ne5 9. f4 Ned7 10. e4 0-0 11. b3 Nc5 12. Bb2 Re8 13. Re1 Rb8 14. Qd2 Ne6 15. Nc2 Bd7 16. h3 Qc8 17. Kh2 Nc5 18. Nb4 Be6 19. Rad1 a5 20. Nd3 Nxd3 21. Qxd3 Rd8 22. Qd2 Bd7 23. Nd5 Nxd5 24. cxd5 Bxb2 25. Qxb2 Re8 26. Rc1 b6 27. Qf6 Qb7 28. e5 Bb5 29. e6 Rf8 30. e7 Rfe8 31. h4 Bd7 32. h5 gxh5 33. Be4 Bg4 34. f5 b5 35. Qg5+ Kh8 36. f6 Rg8 37. Qh6 Rg6 38. Bxg6 1-0

[Event "SLO-chT2 West"]
[Site "Komenda"]
[Date "2018.11.10"]
[Round "2.2"]
[White "Biti, Ozren"]
[Black "Prestrl, Jozef"]
[Result "1-0"]
[WhiteElo "2368"]
[BlackElo "1877"]
[PlyCount "87"]
[EventDate "2018.11.10"]
[EventType "team-tourn"]
[EventRounds "7"]
[EventCountry "SLO"]
[SourceTitle "EXT 2020"]
[Source "ChessBase"]
[SourceDate "2019.10.17"]
[SourceVersion "1"]
[SourceVersionDate "2019.10.17"]
[SourceQuality "1"]
[WhiteTeam "Posocje"]
[BlackTeam "Radovljica"]
[WhiteTeamCountry "SLO"]
[BlackTeamCountry "SLO"]

1. e4 c6 2. d4 d5 3. e5 Bf5 4. Nd2 e6 5. Nb3 Nd7 6. Nf3 Bg4 7. h3 Bxf3 8. Qxf3 Qb6 9. Bd2 a5 10. a4 Bb4 11. c3 Bf8 12. Qd1 Ne7 13. Bd3 g6 14. 0-0 Bg7 15. Ra3 0-0 16. Qe1 Qc7 17. f4 c5 18. Nxc5 Nxc5 19. dxc5 Qxc5+ 20. Be3 Qc8 21. Qf2 Nc6 22. Bc5 Rd8 23. Rb3 Bf8 24. Bb6 Rd7 25. Bb5 Be7 26. Kh1 Bd8 27. Be3 Be7 28. g4 Rd8 29. Bb6 Rf8 30. Bd3 f5 31. Qg2 Qd7 32. gxf5 exf5 33. Rb5 Na7 34. Qxd5+ Qxd5+ 35. Rxd5 Nc8 36. Be3 Rd8 37. Bc4 Kg7 38. Rfd1 Rxd5 39. Rxd5 Kf8 40. Rd7 b6 41. Rc7 h6 42. Be6 Bd8 43. Rxc8 Rxc8 44. Bxc8 1-0

[Event "SLO-chT2 West"]
[Site "Komenda"]
[Date "2017.11.12"]
[Round "3.2"]
[White "Skrbec, Leon"]
[Black "Prestrl, Jozef"]
[Result "0-1"]
[WhiteElo "1618"]
[BlackElo "1892"]
[PlyCount "84"]
[EventDate "2017.11.11"]
[EventType "team-tourn"]
[EventRounds "7"]
[EventCountry "SLO"]
[SourceTitle "EXT 2019"]
[Source "ChessBase"]
[SourceDate "2018.10.10"]
[SourceVersion "1"]
[SourceVersionDate "2018.10.10"]
[SourceQuality "1"]
[WhiteTeam "Postojna"]
[BlackTeam "Radovljica"]
[WhiteTeamCountry "SLO"]
[BlackTeamCountry "SLO"]

1. d4 d5 2. c4 c6 3. cxd5 cxd5 4. Nc3 Nf6 5. Bf4 a6 6. e3 Nc6 7. Bd3 g6 8. Nge2 Bg7 9. 0-0 0-0 10. Rc1 e6 11. Na4 Nh5 12. Nc5 Nxf4 13. Nxf4 Qd6 14. Ne2 b6 15. Na4 Na5 16. a3 Bd7 17. b4 Nc4 18. Bxc4 dxc4 19. Nb2 b5 20. Qc2 Bc6 21. Rfd1 Bh6 22. Nc3 Rfd8 23. Ra1 Bb7 24. Ne4 Qe7 25. Nc5 e5 26. d5 Rxd5 27. Rxd5 Bxd5 28. Rd1 Bc6 29. e4 Qc7 30. Qe2 Bf8 31. Qe3 a5 32. f3 axb4 33. axb4 Ra2 34. Rb1 Ba8 35. Nd1 Qa7 36. Nc3 Ra1 37. Qf2 Rxb1+ 38. Nxb1 Qa1 39. Qc2 Qd4+ 40. Qf2 Bxc5 41. bxc5 b4 42. Kf1 Qd3+ 0-1

[Event "SLO-chT2 West"]
[Site "Komenda"]
[Date "2016.11.11"]
[Round "1.5"]
[White "Prestrl, Jozef"]
[Black "Mlakar, Matej"]
[Result "1/2-1/2"]
[WhiteElo "1915"]
[BlackElo "1503"]
[PlyCount "70"]
[EventDate "2016.11.11"]
[EventType "team-tourn"]
[EventRounds "9"]
[EventCountry "SLO"]
[SourceTitle "EXT 2019"]
[Source "ChessBase"]
[SourceDate "2018.10.10"]
[SourceVersion "1"]
[SourceVersionDate "2018.10.10"]
[SourceQuality "1"]
[WhiteTeam "Radovljica"]
[BlackTeam "Komenda II"]
[WhiteTeamCountry "SLO"]
[BlackTeamCountry "SLO"]

1. e4 e5 2. Nf3 Nc6 3. Bc4 Nf6 4. d3 h6 5. 0-0 Bc5 6. h3 d6 7. a3 Be6 8. Ba2 0-0 9. Nc3 d5 10. Na4 Bb6 11. Nxb6 axb6 12. exd5 Bxd5 13. Bxd5 Qxd5 14. b3 Rad8 15. Bb2 Rfe8 16. Nd2 b5 17. Re1 Nd4 18. Bxd4 exd4 19. Rxe8+ Rxe8 20. Kf1 Kf8 21. Nf3 c5 22. a4 bxa4 23. Rxa4 b6 24. Ra1 Qe6 25. Qd2 Qd6 26. Re1 Rxe1+ 27. Qxe1 Qe7 28. Qxe7+ Kxe7 29. Ke2 Nd5 30. g3 Ke6 31. Kd2 Kd6 32. Nh4 Ke6 33. Nf3 Kd6 34. Nh4 Ke6 35. Nf3 Kd6 1/2-1/2

[Event "SLO-chT3 West"]
[Site "Kranj"]
[Date "2010.11.21"]
[Round "5.4"]
[White "Prestrl, Jozef"]
[Black "Lucovnik, Tilen"]
[Result "1/2-1/2"]
[WhiteElo "1972"]
[BlackElo "1756"]
[PlyCount "70"]
[EventDate "2010.11.19"]
[EventType "team-swiss"]
[EventRounds "5"]
[EventCountry "SLO"]
[SourceTitle "EXT 2022"]
[Source "ChessBase"]
[SourceDate "2021.10.06"]
[SourceVersion "1"]
[SourceVersionDate "2021.10.06"]
[SourceQuality "1"]
[WhiteTeam "Radovljica"]
[BlackTeam "Komenda SK II"]
[WhiteTeamCountry "SLO"]
[BlackTeamCountry "SLO"]

1. Nf3 e6 2. c4 Nf6 3. d4 b6 4. g3 Bb7 5. Bg2 Bb4+ 6. Bd2 Bxd2+ 7. Nbxd2 0-0 8. 0-0 d6 9. Qc2 Nbd7 10. b4 c5 11. dxc5 dxc5 12. b5 Qc7 13. e3 Ne5 14. Nxe5 Bxg2 15. Kxg2 Qxe5 16. Rad1 Rfd8 17. Nf3 Qc7 18. Rxd8+ Rxd8 19. Rd1 Rxd1 20. Qxd1 Qd7 21. Qxd7 Nxd7 22. Kf1 Kf8 23. Ke2 Ke7 24. Kd3 h6 25. h3 Kd6 26. e4 Ne5+ 27. Nxe5 Kxe5 28. f4+ Kf6 29. Ke3 e5 30. f5 g6 31. fxg6 fxg6 32. Kf3 Kg5 33. Ke3 h5 34. Kf3 h4 35. g4 Kf6 1/2-1/2

[Event "SLO-chT3 West"]
[Site "Kocevje"]
[Date "2009.11.15"]
[Round "5"]
[White "Prestrl, Jozef"]
[Black "Simnic, Franci"]
[Result "1/2-1/2"]
[WhiteElo "1972"]
[BlackElo "2150"]
[PlyCount "61"]
[EventDate "2009.11.13"]
[EventType "swiss"]
[EventRounds "5"]
[EventCountry "SLO"]
[SourceTitle "EXT 2022"]
[Source "ChessBase"]
[SourceDate "2021.10.06"]
[SourceVersion "1"]
[SourceVersionDate "2021.10.06"]
[SourceQuality "1"]

1. Nf3 Nf6 2. d4 e6 3. c4 d5 4. e3 Be7 5. b3 c6 6. Be2 Qa5+ 7. Bd2 Qb6 8. Nc3 Nbd7 9. 0-0 0-0 10. Qc2 a5 11. a3 h6 12. h3 Qc7 13. e4 Nxe4 14. Nxe4 dxe4 15. Qxe4 Nf6 16. Qc2 b6 17. b4 a4 18. c5 b5 19. Ne5 Rd8 20. Bf3 Bb7 21. Be3 Nd5 22. Bh5 Rf8 23. Qd2 Bf6 24. Ng4 Qe7 25. Nxf6+ Qxf6 26. Bf3 Rad8 27. Bxd5 Rxd5 28. Qc2 Rh5 29. Rad1 Rd8 30. Qe4 Rdd5 31. Kh2 1/2-1/2

[Event "SLO-chT2 West"]
[Site "Kranj"]
[Date "2005.10.14"]
[Round "1.2"]
[White "Hribar, Bojan"]
[Black "Prestrl, Jozef"]
[Result "1-0"]
[WhiteElo "2242"]
[BlackElo "1980"]
[PlyCount "69"]
[EventDate "2005.10.14"]
[EventType "team-tourn"]
[EventRounds "5"]
[EventCountry "SLO"]
[SourceTitle "EXT 2009"]
[Source "ChessBase"]
[SourceDate "2008.11.26"]
[SourceVersion "1"]
[SourceVersionDate "2008.11.26"]
[SourceQuality "1"]

1. e4 c6 2. d4 d5 3. Nc3 dxe4 4. Nxe4 Nd7 5. Bc4 Nb6 6. Bb3 Nf6 7. Nxf6+ gxf6 8. Qh5 e6 9. Ne2 Nd5 10. Bd2 a5 11. a4 Qb6 12. 0-0 Bd7 13. Rfe1 Bb4 14. Bxb4 Qxb4 15. Rad1 Ke7 16. Ng3 Rag8 17. Bxd5 cxd5 18. c3 Qb6 19. Qxd5 Bxa4 20. Rd2 Rg6 21. Qc4 Bd7 22. f4 Rc8 23. Qa2 Kf8 24. Qa3+ Kg8 25. Qe7 Qd8 26. Qxd8+ Rxd8 27. d5 Be8 28. f5 Rg5 29. c4 e5 30. Rf1 Bd7 31. Rd3 a4 32. Rc3 Kf8 33. c5 Bb5 34. Rd1 Ra8 35. Ne4 1-0

[Event "SLO-chT2 West"]
[Site "Kranj"]
[Date "2004.10.16"]
[Round "2.1"]
[White "Prestrl, Jozef"]
[Black "Bizjak, Nejc"]
[Result "1-0"]
[WhiteElo "1980"]
[BlackElo "1500"]
[PlyCount "115"]
[EventDate "2004.10.15"]
[EventType "team-tourn"]
[EventRounds "3"]
[EventCountry "SLO"]
[SourceTitle "EXT 2009"]
[Source "ChessBase"]
[SourceDate "2008.11.26"]
[SourceVersion "1"]
[SourceVersionDate "2008.11.26"]
[SourceQuality "1"]

1. e4 e5 2. Bc4 Bc5 3. Nf3 Nc6 4. c3 Be7 5. 0-0 d6 6. h3 Nf6 7. Bd5 0-0 8. Re1 Bd7 9. d4 exd4 10. Nxd4 Nxd5 11. Nxc6 Bxc6 12. exd5 Bd7 13. Nd2 Re8 14. Nf3 Bf6 15. Rxe8+ Qxe8 16. Qd3 h6 17. Be3 a6 18. Re1 Qf8 19. Bd4 Bxd4 20. Nxd4 Re8 21. Re3 Rxe3 22. Qxe3 Qe8 23. Qxe8+ Bxe8 24. b3 f6 25. Ne6 c6 26. Nd8 cxd5 27. Nxb7 Bc6 28. Nxd6 Kf8 29. Nf5 Kf7 30. f4 Bd7 31. Nd4 Ke7 32. Kf2 Kd6 33. b4 g6 34. Ke3 h5 35. h4 Kc7 36. Nb3 Bb5 37. Nc5 Kd6 38. Kd4 Bc4 39. a4 Bf1 40. g3 Be2 41. Nd3 Kc6 42. Nb2 Bf1 43. c4 dxc4 44. Nxc4 Be2 45. Ne3 Kd6 46. Nc4+ Kc6 47. Nd2 Bd1 48. b5+ axb5 49. axb5+ Kxb5 50. Ne4 Bc2 51. Nxf6 Kc6 52. Ke5 Kc7 53. Nh7 Kd7 54. Kf6 Ke8 55. Kg7 Ke7 56. Nf8 Bd3 57. Nxg6+ Ke6 58. Ne5 1-0

[Event "SLO-ch"]
[Site "Bled"]
[Date "2003.08.03"]
[Round "1"]
[White "Basagic, Zlatko"]
[Black "Prestrl, Jozef"]
[Result "1-0"]
[WhiteElo "2379"]
[BlackElo "1999"]
[PlyCount "93"]
[EventDate "2003.08.03"]
[EventType "swiss"]
[EventRounds "9"]
[EventCountry "SLO"]
[SourceTitle "CBM 095 Extra"]
[Source "ChessBase"]
[SourceDate "2003.09.04"]
[SourceVersion "1"]
[SourceVersionDate "2003.09.04"]
[SourceQuality "1"]

1. e4 d5 2. exd5 Nf6 3. d4 Qxd5 4. Nc3 Qa5 5. Bc4 Bg4 6. Nf3 Nbd7 7. h3 Bxf3 8. Qxf3 c6 9. 0-0 e6 10. g4 h6 11. Bf4 Be7 12. a3 Qb6 13. Qd3 Nd5 14. Bg3 N7f6 15. Ne2 0-0 16. Bb3 Qd8 17. c4 Nc7 18. Bc2 c5 19. Rfd1 cxd4 20. Qf3 Qc8 21. Nxd4 Rd8 22. b4 a5 23. b5 Bc5 24. Nb3 Rxd1+ 25. Qxd1 Nce8 26. a4 b6 27. Qf3 Ra7 28. Rd1 Rd7 29. Rxd7 Nxd7 30. Qc6 Qd8 31. Kg2 g5 32. f4 gxf4 33. Bxf4 Kg7 34. Qe4 Nef6 35. Qd3 Qe7 36. Qd2 Ng8 37. Nxc5 Nxc5 38. Qd6 Qxd6 39. Bxd6 Nd7 40. c5 bxc5 41. Bc7 Ngf6 42. Bxa5 Nd5 43. Bd2 N7b6 44. a5 Nc4 45. b6 Ncxb6 46. axb6 Nxb6 47. Be3 1-0

[Event "Bled op 22nd"]
[Site "Bled"]
[Date "2001.03.25"]
[Round "2"]
[White "Prestrl, Jozef"]
[Black "Illijin, Neboisa"]
[Result "0-1"]
[WhiteElo "2039"]
[BlackElo "2272"]
[PlyCount "100"]
[EventDate "2001.03.24"]
[EventType "swiss"]
[EventRounds "9"]
[EventCountry "SLO"]
[SourceTitle "CBM 081 Extra"]
[Source "ChessBase"]
[SourceDate "2001.05.06"]
[SourceVersion "1"]
[SourceVersionDate "2001.05.06"]
[SourceQuality "1"]

1. e4 c5 2. c3 d5 3. exd5 Qxd5 4. Nf3 Nf6 5. d4 e6 6. Bb5+ Bd7 7. Bxd7+ Nfxd7 8. 0-0 Nc6 9. dxc5 Qxd1 10. Rxd1 Bxc5 11. Nbd2 0-0-0 12. b4 Be7 13. Bb2 Nce5 14. Rab1 Nd3 15. Ba1 Bf6 16. Ne4 N7e5 17. Nxe5 Bxe5 18. g3 f6 19. f4 Bc7 20. Kf1 Rd7 21. Rd2 f5 22. Ng5 e5 23. fxe5 Nxe5 24. Rxd7 Kxd7 25. Rd1+ Kc6 26. Ne6 Nc4 27. Nd4+ Kb6 28. Re1 Be5 29. Kg2 g6 30. Nf3 Re8 31. a4 a6 32. Kf2 Re7 33. Rd1 Kc6 34. Rd3 b5 35. a5 Bf6 36. Nd2 Ne5 37. Rd8 Ng4+ 38. Kf1 Nxh2+ 39. Kf2 Ng4+ 40. Kf1 Re3 41. Rb8 Rxg3 42. Rb6+ Kc7 43. Rxa6 Bg5 44. Nb3 Be3 45. Ra8 f4 46. Rh8 f3 47. Rxh7+ Kd6 48. Rh1 Nh2+ 49. Ke1 Rg1+ 50. Rxg1 f2+ 0-1

[Event "Nova Gorica op 04th"]
[Site "Nova Gorica"]
[Date "1999.02.02"]
[Round "6"]
[White "Zupe, Miran"]
[Black "Prestrl, Jozef"]
[Result "1-0"]
[WhiteElo "2383"]
[BlackElo "2077"]
[PlyCount "120"]
[EventDate "1999.01.28"]
[EventType "swiss"]
[EventRounds "9"]
[EventCountry "SLO"]
[SourceTitle "CBM 068 Extra"]
[Source "ChessBase"]
[SourceDate "1999.03.01"]
[SourceVersion "1"]
[SourceVersionDate "1999.03.01"]
[SourceQuality "1"]

1. d4 Nf6 2. Nf3 c6 3. Bf4 Qb6 4. b3 d5 5. e3 Bg4 6. Bd3 Nbd7 7. h3 Bh5 8. 0-0 e6 9. Qe2 c5 10. Nbd2 cxd4 11. exd4 Bb4 12. g4 Bg6 13. c4 Bxd3 14. Qxd3 Qa6 15. Qc2 dxc4 16. bxc4 0-0 17. Qb3 Qa3 18. Rab1 Qxb3 19. Rxb3 Bxd2 20. Nxd2 b6 21. a4 Rac8 22. Ra1 Rfd8 23. Rb2 Ne8 24. a5 f6 25. Be3 Rc7 26. axb6 axb6 27. Ra6 Kf7 28. Kf1 Rb8 29. Ke2 Rbb7 30. Ra8 Ra7 31. Ra2 Rxa2 32. Rxa2 Nd6 33. Kd3 e5 34. Ra6 exd4 35. Bxd4 Nc8 36. Ra8 Nd6 37. Ra6 Nb7 38. Ne4 Nbc5+ 39. Bxc5 Nxc5+ 40. Nxc5 bxc5 41. Ra5 Ke6 42. Ke4 Rc6 43. f4 g6 44. f5+ gxf5+ 45. gxf5+ Kd6 46. Ra7 Rb6 47. Rf7 Rb1 48. Rxf6+ Ke7 49. Rc6 Re1+ 50. Kd5 Rf1 51. Rc7+ Kf6 52. Rxh7 Rxf5+ 53. Kc6 Kg6 54. Rh8 Kg7 55. Rd8 Rh5 56. Rd5 Rxh3 57. Kxc5 Kf6 58. Kd6 Re3 59. c5 Re6+ 60. Kd7 Re7+ 1-0

[Event "Bled op-B"]
[Site "Bled"]
[Date "1999.??.??"]
[Round "?"]
[White "Kovacic, Peter"]
[Black "Prestrl, Jozef"]
[Result "1/2-1/2"]
[WhiteElo "2203"]
[BlackElo "2077"]
[PlyCount "28"]
[EventDate "1999.??.??"]
[EventType "swiss"]
[EventRounds "9"]
[EventCountry "SLO"]
[SourceTitle "EXT 2000"]
[Source "ChessBase"]
[SourceDate "1999.11.16"]
[SourceVersion "1"]
[SourceVersionDate "1999.11.16"]
[SourceQuality "1"]

1. Nf3 d5 2. d4 Nf6 3. c4 c6 4. cxd5 cxd5 5. Nc3 e6 6. Bf4 a6 7. e3 Be7 8. Bd3 0-0 9. Ne5 Nbd7 10. h4 Nxe5 11. dxe5 Ne4 12. Nxe4 dxe4 13. Bxe4 Qa5+ 14. Ke2 Rd8 1/2-1/2

[Event "Bled op-B"]
[Site "Bled"]
[Date "1999.??.??"]
[Round "?"]
[White "Prestrl, Jozef"]
[Black "Srebrnic, Vojko"]
[Result "0-1"]
[WhiteElo "2077"]
[BlackElo "2248"]
[PlyCount "118"]
[EventDate "1999.??.??"]
[EventType "swiss"]
[EventRounds "9"]
[EventCountry "SLO"]
[SourceTitle "EXT 2000"]
[Source "ChessBase"]
[SourceDate "1999.11.16"]
[SourceVersion "1"]
[SourceVersionDate "1999.11.16"]
[SourceQuality "1"]

1. d4 g6 2. e4 d6 3. h3 Nf6 4. Bd3 Bg7 5. Nf3 0-0 6. 0-0 c6 7. Be3 Nbd7 8. c3 Qc7 9. Nbd2 e5 10. dxe5 dxe5 11. Bc4 b5 12. Bb3 Bb7 13. Qe2 a6 14. a4 Rad8 15. Bc2 Rfe8 16. g4 Nf8 17. Nb3 Ne6 18. Rfd1 Rxd1+ 19. Qxd1 c5 20. axb5 axb5 21. Ra7 Nd7 22. Na5 Rb8 23. Nxb7 Rxb7 24. Rxb7 Qxb7 25. Qd2 Qc7 26. b3 Bf6 27. Bd3 Qc6 28. Qe2 Nc7 29. Bg5 Bxg5 30. Nxg5 Nf8 31. h4 h6 32. Nh3 Nfe6 33. Qe3 Kg7 34. f4 exf4 35. Nxf4 Qd7 36. Nxe6+ Nxe6 37. Be2 b4 38. cxb4 cxb4 39. Bc4 Qd1+ 40. Kf2 Qxg4 41. Bxe6 Qxe6 42. e5 Qf5+ 43. Kg3 g5 44. Qd4 gxh4+ 45. Kxh4 Qg5+ 46. Kh3 Qf5+ 47. Kh4 Kg6 48. Qxb4 Qh5+ 49. Kg3 Qxe5+ 50. Kf3 h5 51. Qe4+ Qxe4+ 52. Kxe4 f5+ 53. Kf4 Kf6 54. Kg3 Ke5 55. b4 Kd5 56. Kf4 h4 57. Kf3 Kc4 58. Kg2 f4 59. Kf3 h3 0-1